| 000 | 00559cab a2200193 4500 | ||
|---|---|---|---|
| 001 | WB2445-38 | ||
| 008 | 090401t1988 xxu||||| |||| 00| 0 eng d | ||
| 035 | _a(Sirsi) u67847 | ||
| 041 | _aeng | ||
| 245 | _aHow to go-it-alone | ||
| 260 | _c1988 | ||
| 350 | _a0 | ||
| 490 |
_aFinancial Times _v5/11/88 pV |
||
| 520 | _aDiscusses how to set up a company to invest in letting assured residential tenancies under the Business Expansion Scheme . | ||
| 650 | _aASSURED TENANCIES | ||
| 690 | _aPROPERTY LAW AND PRACTICE | ||
| 942 | _n0 | ||
| 948 | _c04/03/1997 | ||
| 999 |
_c42507 _d42507 |
||